Dlhopisy na veľmi veľmi veľmi dlhý čas
Riziká spojené s investíciou do dlhových cenných papierov. Rozdielny čas splatnosti dlhopisov spojený s ich likviditou. Durácia a zmeny úrokových sadzieb. Emitenti a poučenie z histórie. Nesplatené dlhopisy v USA a v Číne.
Gespeichert in:
| 1. Verfasser: | |
|---|---|
| Format: | Buchkapitel |
| Sprache: | Slowakisch |
| Schlagworte: | |
| Tags: |
Keine Tags, Fügen Sie das erste Tag hinzu!
|
MARC
| LEADER | 00000naa a2200000 4500 | ||
|---|---|---|---|
| 001 | 0151613 | ||
| 005 | 20231019092443.6 | ||
| 041 | 0 | |a slo | |
| 044 | |a SK | ||
| 245 | 1 | 0 | |a Dlhopisy na veľmi veľmi veľmi dlhý čas |c Igor Polanský |
| 520 | |a Riziká spojené s investíciou do dlhových cenných papierov. Rozdielny čas splatnosti dlhopisov spojený s ich likviditou. Durácia a zmeny úrokových sadzieb. Emitenti a poučenie z histórie. Nesplatené dlhopisy v USA a v Číne. | ||
| 610 | 2 | 0 | |a história |
| 610 | 2 | 0 | |a trh kapitálový |
| 610 | 2 | 0 | |a dlhopisy |
| 610 | 2 | 0 | |a dlhopisy štátne |
| 610 | 2 | 0 | |a hodnota reálna |
| 610 | 2 | 0 | |a veritelia |
| 610 | 2 | 0 | |a emitenti |
| 610 | 2 | 0 | |a durácia |
| 610 | 2 | 0 | |a likvidita |
| 100 | 1 | |a Polanský, Igor | |